00299nam a2200121Ia 45000030006000000080041000060400015000471000024000622450032000862600030001185460012001480050017001600STCL150530s9999 xx 000 0 und d aSTCLcSTCL aGovernment of India aImport trade control policy bGovernment of Indiac1972 aEnglish20220125170603.0